Intervención comunicativa sobre los problemas de comportamiento: guía práctica para el cambio positivo

Wedi'i Gadw mewn:
Manylion Llyfryddiaeth
Prif Awduron: Carr, Edward G (Awdur), Levin, Len (Awdur), McConnachie, Gene (Awdur), Carlson, Jane I (Awdur), Kemp, Duane C (Awdur), Smith, Christopher E (Awdur)
Fformat: Llyfr
Iaith:Sbaeneg
Cyhoeddwyd: Madrid Alianza 1996
Cyfres:Serie Alianza Psicología, 43
Pynciau:
Tagiau: Ychwanegu Tag
Dim Tagiau, Byddwch y cyntaf i dagio'r cofnod hwn!

MARC

LEADER 00000nam a2200000 a 4500
001 UCQ4032
003 CL-VaPUC
008 980829e19960000SP |||||||||||||||||spa|d
082 0 4 |a 155.232  |b CAR  |2 21 
100 0 |a Carr, Edward G  |e author  |9 418268 
700 0 |a Levin, Len  |e author  |9 418269 
700 0 |a McConnachie, Gene  |e author  |9 418270 
700 0 |a Carlson, Jane I  |e author  |9 418271 
700 0 |a Kemp, Duane C  |e author  |9 418272 
700 0 |a Smith, Christopher E  |e author  |9 418273 
245 1 0 |a Intervención comunicativa sobre los problemas de comportamiento: guía práctica para el cambio positivo 
300 |a 263 p 
942 |c BK 
945 |d 19980829 00:00:00  |a aarredon 
260 |a Madrid  |b Alianza  |c 1996 
650 0 |a Psicología   |9 257863 
650 0 |a Comportamiento   |9 308406 
650 0 |a Agresividad  |9 257862 
650 0 |a Comunicación   |9 257251 
583 |a last modification  |c 19980829 00:00:00  |k Rodrigo Vera 
490 0 |a Serie Alianza Psicología, 43 
999 |c 274530  |d 274528 
952 |0 0  |1 0  |4 0  |6 155_232000000000000_CAR_1996  |7 0  |8 A  |9 310727  |a BIBEDU  |b BIBEDU  |d 2019-11-20  |i 3457885  |o 155.232 CAR 1996  |p 3457885  |r 2019-11-20  |w 2019-11-20  |y BK  |k PSI